000 00727nam a22002417a 4500
003 OSt
005 20260530113913.0
008 260506b1979 sp a|||| |||| 00| 0 spa d
020 _a8431501561
040 _aICI
_bspa
_cICI
041 _aspa
050 _aTT197
_bP34 1980
100 1 _aPagani, Marcos,
_eautor
_933725
245 _aModelismo naval :
_bmanual practico /
_cMarcos Pagani
264 _aBarcelona :
_bEdtorial de Vecchi ,
_c1979
300 _a146 páginas :
_bilustraciones
650 4 _aModelismo naval
_933726
650 4 _aMaquetas de barcos
_933727
650 4 _aConstrucción de modelos
_933728
650 4 _aBarcos en miniatura
_933729
650 4 _aManualidades
_xTécnicas
_933730
942 _2lcc
_cBK
_n1
999 _c12202
_d12202